| 000 | 00758nmm a2200265 a 4500 | ||
|---|---|---|---|
| 003 | AR-X00000XY | ||
| 005 | 20251128211944.0 | ||
| 008 | 247020s1999 ||||||||||||||000 | spa|| | ||
| 020 | _a987-97881-0-9 | ||
| 040 | _cAR-X00000XY | ||
| 110 | 1 | _aColegio Don Bosco [Buenos Aires] | |
| 245 | 1 | 0 |
_aLibro centenario del Colegio Don Bosco _bhistoria de una pasión... : 1900-2000 |
| 260 |
_aBuenos Aires _bColegio Don Bosco _c1999 |
||
| 300 | 0 | _a415 p. | |
| 610 | 2 | 4 | _aColegio Don Bosco |
| 650 | 4 | _aHISTORIA DE LA EDUCACION | |
| 650 | 4 | _aHISTORIA INSTITUCIONAL | |
| 650 | 4 | _aESCUELAS CONFESIONALES | |
| 650 | 4 | _aEDUCACION CRISTIANA | |
| 650 | 4 | _aIGLESIA Y EDUCACION | |
| 651 | 4 | _aArgentina | |
| 653 | 0 | _aPEDAGOGOS | |
| 942 | _cBK | ||
| 998 | _cNancy | ||
| 999 |
_c21782 _d21782 |
||